| 000 | 00356nam a22001217a 4500 | ||
|---|---|---|---|
| 020 | _a0-471-02207-1 | ||
| 082 | _a621.430212 KEE'G | ||
| 100 |
_aCHAS, J,KAYE, J,KEENAN, J. H _975944 |
||
| 245 | _aGAS TABLES THERMODYNAMIC PROPERTION OF AIR PRODUCTS OF COMBUSTION AND COMPONENT GASES | ||
| 260 |
_aNEWYORK _bJOHN WILEY _c1979 |
||
| 300 | _a217P | ||
| 942 | _cBK | ||
| 999 |
_c581351 _d581351 |
||